OECD Territorial Reviews: Småland-Blekinge 2019 Monitoring Progress and Special Focus on Migrant Integration

Salvato in:
Dettagli Bibliografici
Natura: Libro
Lingua:inglese
Pubblicazione: Paris OECD 2019
Serie:OECD Territorial Reviews
Soggetti:
Tags: Aggiungi Tag
Nessun Tag, puoi essere il primo ad aggiungerne!!

MARC

LEADER 00000nam a2200000 4500
001 0257607
005 20221220065024.5
020 |a 978-92-64-31163-3 
020 |a 978-92-64-31164-0 
041 0 |a eng 
044 |a FR 
245 1 0 |a OECD Territorial Reviews: Småland-Blekinge 2019  |b Monitoring Progress and Special Focus on Migrant Integration 
264 1 |a Paris  |b OECD  |c 2019 
300 |a 167 s. 
490 1 |a OECD Territorial Reviews 
830 0 |a OECD Territorial Reviews 
610 2 0 |a rozvoj regionálny 
610 2 0 |a rozvoj vidieka 
610 2 0 |a regióny 
610 2 0 |a politika regionálna 
610 2 0 |a migrácia 
610 2 0 |a trh práce 
610 2 0 |a agentúry personálne 
610 2 0 |a integrácia 
610 2 0 |a porovnanie štatistické medzinárodné 
610 2 0 |a Švédsko